| 000 | 01482cam a22002294a 4500 | ||
|---|---|---|---|
| 005 | 20250605164025.0 | ||
| 008 | 250528s ||||||||||||||||||||||||d | ||
| 035 | _a16486 | ||
| 020 | _a1872962092 | ||
| 040 |
_aGR-AtMCL _bgre _dGR-AtMCL _eAACR2 |
||
| 245 | 1 | _aIntermediate Business | |
| 260 | _c2000 | ||
| 300 | _a384 | ||
| 520 | _aA comprehensive learning resource for the intermediate award in Business. It covers the three compulsory units and the human resources option unit. Teaching and Subject Notes, How Businesses Develop, Unit Assessment, Ownership of Business, What Businesses Do, Influences on Business - Location and Stakeholders, Investigating How Businesses Work, Unit Assessment, The Aims of Business, Business Functions and Business Structures, Marketing and Sales, Customer Service, Production and Finance - Using Business Resources, Administration and Communication in Business, Businesses and Employees, Business Finance, Unit Assessment, The Costs of Starting a New Business, Business Finance and Cash Flow, Calculating Break-Even, Business Profit and Loss, Financial Documents for Making Purchases, Financial Documents - Practical Exercises, Individuals and the Organization, Study Text for the Human Resources Optional Units, Appendix: Financial Documents, Index. | ||
| 700 | 1 |
_aFardon Michael _9740 |
|
| 700 | 1 |
_aFrater Glynis _92577 |
|
| 700 | 1 |
_aOsborne _9734 |
|
| 700 | 1 |
_aProkopiw John _92578 |
|
| 942 | _cBK | ||
| 999 |
_c1980 _d1980 |
||